Dirigeants des pays n°8 - Statistiques

Statistiques générales
  • Ce quiz a été pris 7 fois
  • Le résultat moyen est 2 sur 20
Statistiques - réponses
Pays Dirigeants % Correct
Monaco Albert II
86%
Russie Vladimir Poutine
71%
Serbie Aleksandar Vučić
0%
Pologne Andrzej Duda
0%
Slovénie Borut Pahor
0%
Suède Charles XVI Gustave
0%
Norvège Erna Solberg
0%
Malte George Vella
0%
Vatican Giuseppe Bertello
0%
Moldavie Igor Dodon
0%
Roumanie Klaus Iohannis
0%
Saint-Marin Luca Boschi
0%
Portugal Marcelo Rebelo de Sousa
0%
Pays-Bas Mark Rutte
0%
Monténégro Milo Đukanović
0%
Républiqe Tchèque Miloš Zeman
0%
Antigua-et-Barbuda Rodney Williams
0%
Suisse Ueli Maurer
0%
Ukraine Volodymyr Zelensky
0%
Slovaquie Zuzana Čaputová
0%
Aucun quiz correspondant
Distribution des résultats
% des personnes avec chaque résultat
Percentile par nombre de réponses
Votre historique - résultats
Vous n’avez pas pris ce quiz